Estadísticas para Colonias de África con un mapa

Haz click aquí para tomar la prueba!

Estadísticas generales

  • Esta prueba ha sido tomada 350 veces
  • La puntuación promedio es 30 de 51

Estadísticas de respuestas

Colony % Correcto
África Ecuatorial
Francesa
94%
Libia
92%
Egipto
92%
Argelia
91%
Madagascar
91%
Sudán
90%
Sudáfrica
90%
Túnez
88%
Mozambique
88%
Guinea Portuguesa
87%
Angola
85%
África Oriental
Británica
85%
Ruanda
84%
África Oriental Alemana
83%
Camerún
82%
Nigeria
82%
Cabo Verde
81%
África Sudoccidental
Alemana
80%
Eritrea
78%
Uganda
77%
Costa de Oro
75%
Togolandia
75%
Costa de Marfil
75%
Fernando Poo
73%
Rio Muni
73%
Rio de Oro
69%
Seychelles
67%
Mauricio
66%
Islas Canarias
65%
Comores
63%
Sierra Leona
62%
Sao Tome
61%
Congo Belga
60%
Suazilandia
58%
Gambia
57%
Madeira
42%
Rhodesia del Norte
38%
Rhodesia del Sur
38%
Reunion
29%
África Occidental
Francesa
27%
Marruecos Español
22%
Marruecos Francés
21%
Zanzíbar
20%
Somalia Italiana
19%
Somalia Francesa
14%
Somalia Británica
13%
Nyasalandia
9%
Bechuanalandia
9%
Basutolandia
8%
Cabinda
7%
Walvis Bay
5%

Distribución de puntuación

Porcentaje por número respondido

Porcentaje de gente con cada puntuación

Historial de tus puntuaciones

No has tomado esta prueba